000 00688nam a2200289Ia 4500
005 20260324150451.0
008 008 260324s9999 xx 000 0 eng d
020 _a9781315134529
037 _aEBOOK
040 _aCRL
040 _beng
040 _cCRL
041 _2eng
041 _aeng
084 _qCRL
100 _aDerek Senior
_91226517
245 4 _aThe Regional City
245 3 _bAn Anglo-American Discussion of Metropolitan Planning
260 _bTaylor and Francis
260 _c1966
365 _a
365 _b230
856 _uhttp://www.taylorfrancis.com/books/9781315134529
942 _cEBOOK
999 _c1836007
_d1836007